1970's Hits - Statistics

General Stats
  • This quiz has been taken 39 times
  • The average score is 6 of 15
Answer Stats
Hint Answer % Correct
Elton John ... Goodbye _______ Yellow Brick Road
100%
Bee Gees ... You Should Be _______ Dancing
79%
Olivia Newton-John .. I Honestly ______ Love You
79%
Debby Boone ... You Light Up ______ My Life
76%
David Essex ... Hold Me _____ Close
52%
Sparks ... Beat The _____ Clock
31%
Baccara ... Sorry I'm A ____ Lady
31%
Darts ... Boy From _______ New York City
24%
Nazareth ... My White ______ Bicycle
21%
Mink De Ville ... Spanish _____ Stroll
17%
Barry White ... You See The __________ Trouble With Me
17%
Kiki Dee ... Loving And _____ Free
10%
Donna Summer ... Winter _____ Melody
10%
The Rubettes ... I Can ______ Do It
7%
Johnny Mathis ... Gone ________ Gone Gone
3%
No matching quizzes found
Score Distribution
Percent of People with Each Score
Percentile by Number Answered
Your Score History
You have not taken this quiz